The Walking Dead Maggie Greene Special Quiz Stats

 Plays Quiz not verified by Sporcle

Also try: Family Guy
Challenge
Share
Tweet
Embed
Score 0/30 Timer 05:00
0 Plays Today
Question Answer % Correct
What is her fathers name?Hershel
98.4%
With who?Glenn
86.6%
Who saves Maggie at the pharmacy from a walker?Glenn
86.5%
What does she ride?a horse
84.6%
How old is her?23
84.1%
How many sisters does she have?one
79.7%
Who does Maggie talk with about her relationship with Glenn?Lori
79.4%
Who crashes her car?Lori
79.4%
Who did she go to high-school with?Randall
78.5%
What does Glenn searches her for in their cell?walker scratches
78.5%
Who comes to Woodbury to save her?Rick, Daryl, Oscar and Michonne
77.5%
Who kidnaps her and Glenn?Merle
77.2%
Where does Glenn want to meet up with her?the barn
76.9%
How does she help Lori give birth?she cuts her old C-section
69.8%
What is in there?her family members and neighbors who have turned
68.4%
Question Answer % Correct
Who does she save in the woods from a walker?Andrea
67.5%
Where does she go with Glenn?at the pharmacy
67%
What does she call Glenn?walker bait
66.7%
Why does she go in town with Daryl for?to look for baby formula
64.3%
What does her sister suggest they should do?suicide
63.4%
What is her educational background?college
61.9%
What does she say to Glenn before he left into town?that she loves him
60.8%
What does the Governor do to her?makes her take off her shirt
56.9%
What did Beth find in her backpack when they were younger?birth control pills
46.2%
In what car does she flee the farm?Shane's car
33.8%
Where is her family originally from?Ireland
31.3%
What was she doing in front of the refrigerator?crying
30.7%
What does Glenn call her?Zorro-chick
29.7%
What song does she sings with Beth at the prison?The Parting Glass
29.1%
Who does she kill with a bone from a walker?Warren
12.6%

You're not logged in!

Compare scores with friends on all Sporcle quizzes.
Join for Free
OR
Log In

You Might Also Like...

Show Comments

Extras

Top Quizzes Today


Score Distribution

Your Account Isn't Verified!

In order to create a playlist on Sporcle, you need to verify the email address you used during registration. Go to your Sporcle Settings to finish the process.

Report this User

Report this user for behavior that violates our Community Guidelines.

Details: